000 02017nam a2200421 c 4500
003 BLK
005 20240412171915.0
008 180413b bul|||||r ||||||| ||bul||
010 _aKNG00019746000
020 _a978-954-431-407-1
_bиздат.: Златното пате
040 _aBLK
041 _aBUL
_cBUL
072 7 _2bullib
_aН85
_xДетска художествена литература Н
080 _aРуска литература
_b821.161.1
_x-93-1
_z821.161.1-93-1
100 1 _aКосова, Галина Рудолфовна
_eпърви автор
_982757
700 1 _aПанчев, Панчо Борисов
_9262274
700 1 _aДядо Пънч
_eпрев. в стихове
_gПанчев, Панчо Борисов
_9365182
700 1 _aПоркшеева, М.
_eхудож.
_9262275
139 _aКосова, Галина
_bК 86
245 1 0 _aБезопасната улица
_cГалина Рудолфовна Косова; Панчо Борисов Панчев; прев. в стихове Дядо Пънч; худож. М. Поркшеева.
257 _aRUS
260 София
_bЗлатното пате
_c2008
300 _a6 с.
_bс цв. ил.
_c22 см
380 _aDX
490 1 _aШкола по безопасност за малчугани
500 _aКор. опис. - Без сведение за ориг. загл. - Дядо Пънч - псевд. на прев. Панчо Борисов Панчев. - Кн. е отпеч. на ламиниран картон. - Офс. изд.
653 _aстихотворения за деца
653 _aбезопасност на движението
653 _aлитература за деца
653 _aдетска литература
659 _aН
852 _aЦб 254484
856 4 _qpdf
_u
856 4 _qpdf
_u
942 _cKNG
_n0
_015
944 _aCR
_c29.02.2012
_lГрета Цуфелде
_k30537
944 _aED
_c09.10.2014
_lф /
_k
999 _c17747
_d17747